00366nam a2200145Ia 4500008004100000020001500041041001200056082001600068100001500084245006600099260002700165300000800192650000800200700001200208221030s9999 xx 000 0 und d a0074622447 aEnglish a105.23bMil aJ. Millman 0aPulse, Digital & Switching Waveformscby J. Millman, H. Taub bTata Mcgraw Hillc2001 a958 aECE aH. Taub